Science Quiz

Random Science or Food Quiz

Sustainable Food Production Quiz Stats

 Plays Quiz not verified by Sporcle

Also try: 'A' Anatomy
Challenge
Share
Tweet
Embed
Score 0/20 Timer 15:00
0 Plays Today
% Correct
Vegetarian
89.7%
Crop Rotation
85.1%
GMOs
83.9%
Red 40
82.8%
Meatless Mondays
81.6%
USDA Organic Label
81.6%
Composting
81.6%
Locally Grown
80.5%
Pole and Line Fishing
80.5%
recombinant Bovine Growth Hormone
80.5%
% Correct
Organic Farming
79.3%
Beneficial Insects
79.3%
Fair Trade
78.2%
Insecticides
77%
Vertical Farming
73.6%
Aquafarming
73.6%
Vegan
72.4%
Monoculture
69%
Herbicides
63.2%
Bottom Trawling
50.6%

You're not logged in!

Compare scores with friends on all Sporcle quizzes.
OR
Log In

You Might Also Like...

Show Comments

Extras

Top Quizzes Today


Score Distribution

Your Account Isn't Verified!

In order to create a playlist on Sporcle, you need to verify the email address you used during registration. Go to your Sporcle Settings to finish the process.

Report this User

Report this user for behavior that violates our Community Guidelines.

Details: